<?xml version="1.0" encoding="UTF-8"?>
<collection xmlns:xsi="http://www.w3.org/2001/XMLSchema-instance" xsi:schemaLocation="http://www.loc.gov/MARC21/slim http://www.loc.gov/standards/marcxml/schema/MARC21slim.xsd" xmlns="http://www.loc.gov/MARC21/slim">
 <record>
  <leader>00000nam a2200000   4500</leader>
  <controlfield tag="001">000157504</controlfield>
  <controlfield tag="005">20120616074232.0</controlfield>
  <controlfield tag="008">870302s1986    xr     e            cze d</controlfield>
  <datafield tag="020" ind1=" " ind2=" ">
   <subfield code="a">(brož.) :</subfield>
   <subfield code="c">Kčs 18,00</subfield>
  </datafield>
  <datafield tag="040" ind1=" " ind2=" ">
   <subfield code="a">SVKKK</subfield>
   <subfield code="b">slo</subfield>
   <subfield code="c">SVKKK</subfield>
   <subfield code="e">AACR2</subfield>
  </datafield>
  <datafield tag="041" ind1="1" ind2=" ">
   <subfield code="a">cze</subfield>
   <subfield code="h">rus</subfield>
  </datafield>
  <datafield tag="044" ind1=" " ind2=" ">
   <subfield code="a">xr</subfield>
   <subfield code="c">CZ</subfield>
  </datafield>
  <datafield tag="245" ind1="0" ind2="0">
   <subfield code="a">Současná sociální hnutí ve světě /</subfield>
   <subfield code="c">J. A. Krasin ... [et al.] ; z ruš. prel. Marika Dražilová, Otakar Šoltys.</subfield>
  </datafield>
  <datafield tag="250" ind1=" " ind2=" ">
   <subfield code="a">1. vyd.</subfield>
  </datafield>
  <datafield tag="260" ind1=" " ind2=" ">
   <subfield code="a">Praha :</subfield>
   <subfield code="b">Svoboda,</subfield>
   <subfield code="c">1986.</subfield>
  </datafield>
  <datafield tag="300" ind1="" ind2=" ">
   <subfield code="a">307 s.</subfield>
  </datafield>
  <datafield tag="366" ind1=" " ind2=" ">
   <subfield code="e">1300 výt.</subfield>
  </datafield>
  <datafield tag="490" ind1="1" ind2=" ">
   <subfield code="a">Svět v pohybu</subfield>
  </datafield>
  <datafield tag="500" ind1=" " ind2=" ">
   <subfield code="a">Obálka Anna Kubů</subfield>
  </datafield>
  <datafield tag="500" ind1=" " ind2=" ">
   <subfield code="a">Preklad z ruštiny</subfield>
  </datafield>
  <datafield tag="700" ind1="1" ind2=" ">
   <subfield code="a">Krasin, Jurij Andrejevič,</subfield>
   <subfield code="d">1929-</subfield>
   <subfield code="4">aut</subfield>
  </datafield>
  <datafield tag="700" ind1="1" ind2=" ">
   <subfield code="a">Šoltys, Otakar</subfield>
   <subfield code="d">1950-</subfield>
   <subfield code="4">trl</subfield>
  </datafield>
  <datafield tag="700" ind1="1" ind2=" ">
   <subfield code="a">Dražilová, Marika</subfield>
   <subfield code="4">trl</subfield>
  </datafield>
  <datafield tag="830" ind1=" " ind2="0">
   <subfield code="a">Svět v pohybu</subfield>
  </datafield>
  <datafield tag="910" ind1=" " ind2=" ">
   <subfield code="a">svkkk</subfield>
  </datafield>
  <datafield tag="998" ind1=" " ind2=" ">
   <subfield code="a">BK</subfield>
  </datafield>
  <datafield tag="090" ind1=" " ind2=" ">
   <subfield code="g">SCKHL</subfield>
   <subfield code="k">Sklad Pribinova 2. posch.</subfield>
   <subfield code="a">II.298393</subfield>
   <subfield code="j">738273</subfield>
   <subfield code="i">157504-10</subfield>
   <subfield code="s">Absenčne</subfield>
  </datafield>
  <datafield tag="090" ind1=" " ind2=" ">
   <subfield code="g">SCKHL</subfield>
   <subfield code="k">Sklad Pribinova 2. posch.</subfield>
   <subfield code="a">II.321442</subfield>
   <subfield code="j">747065</subfield>
   <subfield code="i">B240218</subfield>
   <subfield code="s">Absenčne</subfield>
  </datafield>
 </record>
</collection>
